[Event "Match"]
[Site "www.echecsemail.com"]
[Date "2014.12.20"]
[Round "1"]
[White "Mrmoto"]
[Black "Harrytheking"]
[WhiteElo "1540"]
[BlackElo "1710"]
[Result "1-0"]
[Round "1"]
1.e4 b6
2.Nb1c3 Bc8a6
3.d3 e6
4.f4 Ng8e7
5.Ng1f3 d6
6.Bf1e2 h6
7.a3 Ne7c6
8.Bc1e3 Nb8d7
9.O-O Bf8e7
10.b4 O-O
11.b5 Ba6b7
12.bxc6 Bb7xc6
13.Nf3d2 Rf8e8
14.Be2f3 a5
15.d4 Be7f6
16.Nd2b3 b5
17.e5 Bc6xf3
18.Qd1xf3 Bf6e7
19.Nc3xb5 a4
20.Nb5c3 axb3
21.cxb3 d5
22.Nc3e2 c5
23.f5 Be7g5
24.dxc5 Nd7xe5
25.Qf3h3 Bg5xe3
26.Qh3xe3 Ne5g4
27.Qe3f3 exf5
28.h3 Ng4e3
29.Rf1f2 Qd8g5
30.Qf3f4 Qg5xf4
31.Ne2xf4 d4
32.Rf2d2 g5
33.Nf4e2 f4
34.Ra1c1 Ra8xa3
35.Rd2xd4 Ra3xb3
36.c6 Ne3f5
37.Rd4d2 f3
38.c7 fxe2
39.Rd2d8 Rb3e3
40.Kf2 e1Q
41.Rc1xe1 Re3xe1
42.c8Q Re1e2
43.Kf1 Nf5d6
44.Rd8xe8 Re2xe8
45.Qc8g4 Re8e4
46.Qg4d7 Re4f4
47.Kg1 Nd6e4
48.Qd7c8 Kg7
49.Qc8e8 g4
50.Qe8e5 Rf4f6
51.Qe5xe4 gxh3
52.g3 Rf6e6
53.Qe4g4 Kh7
54.Qg4xh3 Re6e1
55.Kf2 Re1a1
56.Qh3f5 Kg8
57.Qf5c8 Kh7
58.Qc8c2 Kg8
59.Kf3 Ra1a3
60.Kg4 Ra3a5
61.Kf3 Ra5a3
62.Kg4 Ra3a5
63.Qc2c6 Ra5g5
64.Kf4 Kg7
65.Qc6c3 Kf8
66.Qc3h8 Ke7
67.Qh8xh6 Rg5g6
68.Qh6h4 Kf8
69.g4 Kg7
70.g5 Kg8
71.Kf5 Kf8
72.Qh4h8 Ke7
73.Qh8b8 Rg6d6
74.Qb8xd6 Kxd6
75.Kf6 { resign }
1-0

[Event "Match"]
[Site "www.echecsemail.com"]
[Date "2014.12.20"]
[Round "1"]
[White "Kollipaa"]
[Black "Hyeena"]
[WhiteElo "1930"]
[BlackElo "1449"]
[Result "1-0"]
[Round "1"]
1.b4 e6
2.b5 b6
3.Bc1b2 Ng8f6
4.Ng1f3 Nf6e4
5.d3 Ne4d6
6.e4 Rh8g8
7.a4 a5
8.c4 c5
9.h4 h5
10.Nb1c3 Bc8b7
11.Nf3g5 g6
12.Qd1f3 e5
13.Nc3e2 Rg8g7
14.Bb2c1 f5
15.g3 Qd8e7
16.Ne2c3 Kd8
17.Ng5h3 fxe4
18.Nc3xe4 Nd6xe4
19.dxe4 d6
20.Bc1g5 Qe7xg5
21.Nh3xg5 Rg7g8
22.Ng5e6 Kc8
23.Qf3f7 Rg8h8
24.Qf7c7 { resign }
1-0

[Event "Match"]
[Site "www.echecsemail.com"]
[Date "2014.12.20"]
[Round "1"]
[White "Juodivarnai"]
[Black "Wwgia"]
[WhiteElo "2150"]
[BlackElo "2090"]
[Result "1-0"]
[Round "1"]
1.e4 c5
2.Ng1f3 Nb8c6
3.Bf1b5 g6
4.O-O Bf8g7
5.Rf1e1 Ng8f6
6.e5 Nf6d5
7.Nb1c3 Nd5c7
8.Bb5xc6 dxc6
9.Nc3e4 b6
10.Ne4f6 Kf8
11.Nf6e4 Nc7d5
12.d3 Kg8
13.Bc1g5 h6
14.Bg5d2 Kh7
15.h3 Bc8f5
16.Ne4g3 Bf5e6
17.Nf3h2 Qd8c7
18.Nh2f3 Qc7d7
19.a3 a5
20.Nf3h2 a4
21.c4 Nd5c7
22.Bd2c3 b5
23.Qd1e2 Rh8b8
24.Ra1d1 b4
25.Bc3d2 bxa3
26.bxa3 Rb8b3
27.Bd2c1 Ra8d8
28.Qe2f3 Nc7e8
29.Ng3e4 Qd7a7
30.Qf3e3 Be6xc4
31.Qe3xc5 { resign }
1-0

[Event "Match"]
[Site "www.echecsemail.com"]
[Date "2014.12.20"]
[Round "1"]
[White "Szustan"]
[Black "Muchomurka"]
[WhiteElo "2600"]
[BlackElo "2490"]
[Result "1-0"]
[Round "1"]
1.e4 e5
2.Ng1f3 Ng8f6
3.Nb1c3 Nb8c6
4.d4 exd4
5.Nf3xd4 Bf8b4
6.Nd4xc6 bxc6
7.Bf1d3 d5
8.exd5 cxd5
9.O-O O-O
10.Bc1g5 Bb4e7
11.Bg5xf6 Be7xf6
12.Nc3xd5 Bf6xb2
13.Ra1b1 Ra8b8
14.Qd1f3 Bc8e6
15.Bd3c4 Qd8h4
16.Bc4b3 Bb2e5
17.g3 Qh4g5
18.h4 Be6xd5
19.Qf3xd5 Qg5f6
20.Rb1e1 Be5d4
21.Re1e4 Rb8d8
22.Qd5c4 c5
23.Re4f4 Qf6g6
24.Rf4f3 Qg6h5
25.Kg2 Bd4f6
26.Rf1e1 Rd8d4
27.Qc4b5 Rd4d8
28.Re1e4 Rd8b8
29.Qb5a4 Rb8a8
30.Rf3d3 Bf6d4
31.Re4e7 a5
32.c3 Qh5g6
33.Rd3f3 Bd4f6
34.Re7c7 c4
35.Bb3c2 Qg6h6
36.Qa4xc4 Ra8e8
37.g4 Qh6d2
38.Bc2d3  { time }
1-0

[Event "Match"]
[Site "www.echecsemail.com"]
[Date "2014.12.20"]
[Round "1"]
[White "Generalfree"]
[Black "Stevep84"]
[WhiteElo "1770"]
[BlackElo "2180"]
[Result "0-1"]
[Round "1"]
1.e4 e5
2.Ng1f3 Nb8c6
3.Bf1c4 Bf8c5
4.c3 Ng8f6
5.d3 O-O
6.b4 Bc5b6
7.Qd1e2 d6
8.a4 a5
9.b5 Nc6e7
10.Bc1g5 Ne7g6
11.g3 h6
12.Bg5xf6 Qd8xf6
13.Nb1d2 c6
14.h3 Bc8e6
15.Bc4xe6 Qf6xe6
16.bxc6 bxc6
17.Ra1b1 Rf8b8
18.c4 Bb6c5
19.Rb1xb8 Ra8xb8
20.g4 Ng6f4
21.Qe2f1 Rb8b2
22.g5 Bc5b4
23.gxh6 Rb2b1
{ resign }
0-1

[Event "Match"]
[Site "www.echecsemail.com"]
[Date "2014.12.20"]
[Round "1"]
[White "Witpar"]
[Black "Woadman62"]
[WhiteElo "2660"]
[BlackElo "2530"]
[Result "1/2-1/2"]
[Round "1"]
1.d4 Ng8f6
2.c4 e6
3.Ng1f3 b6
4.a3 Bc8a6
5.Qd1c2 Ba6b7
6.Nb1c3 c5
7.e4 cxd4
8.Nf3xd4 Bf8c5
9.Nd4b3 Nb8c6
10.Bc1g5 Nc6d4
11.Nb3xd4 Bc5xd4
12.Nc3b5 Bd4e5
13.f4 Be5b8
14.e5 h6
15.Bg5xf6 gxf6
16.Nb5d6 Bb8xd6
17.exd6 f5
18.Qc2c3 Rh8g8
19.O-O-O Kf8
20.Rd1d2 Bb7e4
21.Rh1g1 Qd8c8
22.Qc3f6 Qc8c5
23.Qf6xh6 Rg8g7
24.Qh6h8 Rg7g8
25.Qh8h6 { draw }
1/2-1/2

[Event "1/8 Finale"]
[Site "www.chess-mail.com"]
[Date "2014.12.20"]
[Round "1"]
[White "Manolinex"]
[Black "Stepanpech"]
[WhiteElo "2700"]
[BlackElo "2740"]
[Result "1-0"]
[Round "1"]
1.e4 e5
2.Ng1f3 Nb8c6
3.Bf1b5 a6
4.Bb5xc6 dxc6
5.O-O f6
6.d4 exd4
7.Nf3xd4 c5
8.Nd4e2 Qd8xd1
9.Rf1xd1 Bc8d7
10.Bc1e3 O-O-O
11.Nb1c3 Bf8d6
12.f3 Ng8e7
13.Be3f4 Bd6xf4
14.Ne2xf4 f5
15.Rd1d2 Rh8f8
16.Ra1d1 fxe4
17.Nc3xe4 Rf8xf4
18.Ne4xc5 Ne7c6
19.Nc5xd7 b6
20.Rd2d3 Rd8e8
21.Rd3c3 Kb7
22.g3 Rf4b4
23.b3  { time }
1-0

[Event "1/4 Finale"]
[Site "www.chess-mail.com"]
[Date "2014.12.20"]
[Round "1"]
[White "Jaroslavpech"]
[Black "Edijs"]
[WhiteElo "2570"]
[BlackElo "2790"]
[Result "0-1"]
[Round "1"]
1.e4 c5
2.Ng1f3 e6
3.d4 cxd4
4.Nf3xd4 a6
5.Bf1d3 Ng8f6
6.O-O Qd8c7
7.Nb1c3 d6
8.f4 Bf8e7
9.Kh1 Nb8d7
10.Qd1e2 O-O
 { time }
0-1

[Event "1/128 Finale"]
[Site "www.chess-mail.com"]
[Date "2014.12.20"]
[Round "1"]
[White "Jaroslavpech"]
[Black "Ff333"]
[WhiteElo "2540"]
[BlackElo "2000"]
[Result "0-1"]
[Round "1"]
1.e4 e5
2.Ng1f3 d6
3.d4 exd4
4.Nf3xd4 Ng8f6
5.Nb1c3 g6
6.Bc1g5 Bf8g7
7.Qd1d2 O-O
8.O-O-O Qd8d7
9.Nd4b5 a6
10.Bg5xf6 Bg7xf6
 { time }
0-1

[Event "Eq:Angels of Checkmate-CONFOEDERATIONIS HELVETICAE : "]
[Site "www.chess-mail.com"]
[Date "2014.12.20"]
[Round "1"]
[White "Leo57"]
[Black "Veerar"]
[WhiteElo "2760"]
[BlackElo "2540"]
[Result "1-0"]
[Round "1"]
1.d4 d5
2.Ng1f3 Ng8f6
3.c4 c6
4.Qd1c2 dxc4
5.Qc2xc4 Bc8f5
6.g3 e6
7.Bf1g2 Nb8d7
8.O-O Bf8e7
9.e3 O-O
10.Rf1d1 h6
11.Qc4e2 Qd8c7
12.Nb1c3 Nf6e4
13.Nf3e1 Nd7f6
14.Nc3xe4 Bf5xe4
15.f3 Be4h7
16.e4 c5
17.Bc1e3 cxd4
18.Be3xd4 Be7c5
19.Bd4xc5 Qc7xc5
20.Qe2f2 Qc5a5
21.a3 Ra8c8
22.b4 Qa5a4
23.Qf2e3 Bh7g6
24.Ne1d3 Rf8d8
25.Bg2f1 b6
26.Nd3b2 Rd8xd1
27.Ra1xd1 Qa4c2
28.Rd1d2 Qc2c3
29.Qe3xc3 Rc8xc3
30.Rd2d3 Nf6d5
31.Rd3xc3  { time }
1-0

[Event "Eq:La Taverne-Team USA : "]
[Site "www.chess-mail.com"]
[Date "2014.12.20"]
[Round "1"]
[White "Nestor"]
[Black "Gatrooper"]
[WhiteElo "2020"]
[BlackElo "1330"]
[Result "1-0"]
[Round "1"]
1.e4 e5
2.Nb1c3 Ng8f6
3.Bf1c4 d6
4.Ng1e2 Bc8e6
5.Nc3d5 Be6xd5
6.Bc4xd5 c6
7.Bd5b3 a6
8.d3 h6
9.O-O Nf6g4
10.Ne2g3 Nb8d7
11.Qd1xg4 Nd7f6
12.Qg4f3 Qd8e7
13.Ng3h5 Nf6xh5
14.Qf3xh5 g6
15.Qh5f3 O-O-O
16.Bc1e3 h5
17.d4 h4
18.dxe5 dxe5
19.Rf1d1 Rd8xd1
20.Ra1xd1 Bf8g7
21.Qf3g4 Kb8
22.Qg4d7 Qe7xd7
23.Rd1xd7 Rh8c8
24.Rd7xf7 Bg7h8
25.Be3g5 Ka7
26.Bg5xh4 c5
27.Bb3d5 Rc8b8
28.Bh4e7 a5
29.Be7xc5 Ka8
30.Rf7d7 Bh8f6
31.Bc5d6 Rb8c8
32.Rd7xb7 Rc8xc2
33.Rb7d7 Rc2c6
34.Bd5xc6 { resign }
1-0

[Event "Eq:Team USA-CONFOEDERATIONIS HELVETICAE : "]
[Site "www.chess-mail.com"]
[Date "2014.12.20"]
[Round "1"]
[White "Preacher59"]
[Black "Schwiizer"]
[WhiteElo "2020"]
[BlackElo "2660"]
[Result "0-1"]
[Round "1"]
1.c4 e5
2.Nb1c3 Bf8b4
3.g3 Ng8f6
4.Bf1g2 O-O
5.Ng1f3 Nb8c6
6.O-O d6
7.a3 Bb4xc3
8.bxc3 Bc8g4
9.h3 Bg4d7
10.Ra1b1 Ra8b8
11.a4 Nc6a5
12.d3 b6
13.Bc1g5 h6
14.Bg5xf6 Qd8xf6
15.Qd1c2 Qf6e7
 { time }
0-1

[Event "Fast Game"]
[Site "www.echecsemail.com"]
[Date "2014.12.20"]
[Round "1"]
[White "Derfel83"]
[Black "Chtoubidou"]
[WhiteElo "1570"]
[BlackElo "1750"]
[Result "0-1"]
[Round "1"]
1.e4 b6
2.d3 Bc8b7
3.Bf1e2 e6
4.Ng1f3 d5
5.O-O dxe4
6.dxe4 Bb7xe4
7.Nb1c3 Qd8xd1
8.Rf1xd1 Be4xc2
9.Rd1d2 Bc2g6
10.Nc3b5 Bf8d6
11.b3 a6
12.Nb5xd6 cxd6
13.Rd2xd6 Ng8e7
14.Rd6xb6 O-O
 { time }
0-1

[Event "Fast Game"]
[Site "www.echecsemail.com"]
[Date "2014.12.20"]
[Round "1"]
[White "Fkarpov"]
[Black "Krazy4chess"]
[WhiteElo "1820"]
[BlackElo "1749"]
[Result "1/2-1/2"]
[Round "1"]
1.e4 c5
2.Ng1f3 Nb8c6
3.c3 e6
4.Bf1e2 d5
5.exd5 exd5
6.O-O Ng8f6
7.Be2b5 Bf8e7
8.Bb5xc6 bxc6
9.Rf1e1 Bc8g4
10.d3 O-O
11.h3 Bg4h5
12.Nb1d2 Rf8e8
13.g4 Bh5g6
14.Nd2b3 c4
15.dxc4 dxc4
16.Qd1xd8 Ra8xd8
17.Nb3d4 Bg6e4
18.Nf3g5 Be4d5
19.Bc1f4 h6
20.Ng5f3 c5
21.Nd4f5 Bd5xf3
22.Re1xe7 Re8xe7
23.Nf5xe7 Kf8
24.Ra1e1 Nf6d5
25.Ne7xd5 Rd8xd5
26.Re1e3 Rd5d3
27.Re3xd3 cxd3
28.b3 Ke8
29.Kf1 Kd7
30.Ke1 a6
31.Kd2 Bf3e2
32.Bf4g3 Kc6
33.c4 g6
34.f4 h5
35.a3 hxg4
36.hxg4 f5
37.g5 a5
38.Bg3e1 Kb6
{ draw }
1/2-1/2

[Event "Fast Game"]
[Site "www.echecsemail.com"]
[Date "2014.12.20"]
[Round "1"]
[White "Tenzinnima"]
[Black "Fkarpov"]
[WhiteElo "1819"]
[BlackElo "1800"]
[Result "1/2-1/2"]
[Round "1"]
1.Ng1f3 e6
2.c4 Ng8f6
3.g3 d5
4.cxd5 exd5
5.Bf1g2 Bf8e7
6.O-O O-O
7.d4 Nf6e4
8.Nb1c3 Nb8c6
9.Qd1b3 Nc6a5
10.Qb3xd5 Ne4xc3
11.Qd5xa5 Nc3xe2
12.Kh1 Be7f6
13.Bc1e3 Ne2xd4
14.Nf3xd4 Bf6xd4
15.Be3xd4 Qd8xd4
16.Ra1d1 Qd4xb2
17.Qa5xc7 Qb2xa2
18.Bg2xb7 Bc8xb7
19.Qc7xb7 Qa2e6
20.Kg2 a5
21.Rf1e1 Qe6a6
22.Rd1d7 Qa6f6
23.Re1e7 Ra8b8
24.Qb7d5 a4
25.Rd7a7 h6
26.Qd5f3 Qf6xf3
27.Kxf3 Rb8a8
28.Kg2 Ra8xa7
29.Re7xa7 f5
30.Ra7xa4 Kf7
31.h3 Rf8c8
32.Ra4a7 { draw }
1/2-1/2

[Event "Tourn. n7853"]
[Site "www.chess-mail.com"]
[Date "2014.12.21"]
[Round "1"]
[White "Julian"]
[Black "Luban"]
[WhiteElo "2040"]
[BlackElo "2040"]
[Result "0-1"]
[Round "1"]
1.e4 c5
2.Ng1f3 d6
3.c3 Bc8g4
4.h3 Bg4xf3
5.Qd1xf3 Nb8c6
6.d3 e6
7.g4 h6
8.Bf1g2 Ng8f6
9.Bc1e3 Bf8e7
10.Nb1d2 O-O
11.h4 Nc6e5
12.Qf3e2 Nf6xg4
13.O-O-O Ng4xe3
14.Qe2xe3 Be7xh4
15.f4 Ne5c6
16.Nd2f3 Bh4e7
17.e5 d5
18.d4 cxd4
19.Nf3xd4 Ra8c8
20.Kb1 Nc6xd4
21.cxd4 Rc8c6
22.f5 Be7g5
23.Qe3g3 Qd8c7
24.Bg2h3 Rf8c8
25.fxe6 fxe6
26.Qg3g1 Qc7b6
27.Qg1f2 Qb6c7
28.Qf2f1 Rc8f8
29.Qf1d3 Rf8f2
30.Rh1f1 Rf2xf1
31.Qd3xf1 Qc7f7
32.Qf1xf7 Kxf7
33.Rd1f1 Ke7
34.Bh3g4 Rc6c4
35.Rf1d1 Bg5e3
36.Bg4h5 Rc4xd4
37.Rd1f1 Be3f4
38.Rf1g1 Bf4xe5
39.Kc2 Be5f6
40.Kb3 Rd4d2
41.Rg1c1 Rd2xb2
42.Ka3 Kd6
43.Rc1f1 Rb2b5
44.Bh5e2 Rb5c5
45.Rf1b1 b6
46.Be2a6 Rc5a5
{ resign }
0-1

[Event "Tourn. n7891"]
[Site "www.chess-mail.com"]
[Date "2014.12.21"]
[Round "1"]
[White "Apoorva"]
[Black "Sonivano"]
[WhiteElo "2110"]
[BlackElo "2280"]
[Result "0-1"]
[Round "1"]
1.d4 Ng8f6
2.Nb1d2 c5
3.dxc5 Qd8a5
4.c3 Qa5xc5
5.e3 e5
6.Ng1f3 Bf8e7
7.Nd2b3 Qc5c7
8.Qd1c2 d5
9.Bf1e2 O-O
10.O-O Nb8c6
11.a3 h6
12.c4 Bc8e6
13.cxd5 Be6xd5
14.Nb3d2 Ra8c8
15.Qc2d1 Rf8d8
16.Qd1e1 e4
17.Nf3d4 Nc6xd4
18.exd4 Bd5e6
19.f3 Rd8xd4
20.Nd2xe4 Nf6xe4
21.Bc1e3 Be7c5
22.fxe4 Rd4xe4
23.Be3xc5 Qc7xc5
24.Rf1f2 Be6g4
25.Kf1 Rc8e8
26.Ra1c1 Re4xe2
27.Rf2xe2 Bg4xe2
{ resign }
0-1

[Event "Tourn. n7857"]
[Site "www.chess-mail.com"]
[Date "2014.12.21"]
[Round "1"]
[White "Norlavuaram"]
[Black "Syd"]
[WhiteElo "2070"]
[BlackElo "2190"]
[Result "0-1"]
[Round "1"]
1.Ng1f3 c5
2.g3 g6
3.Bf1g2 Bf8g7
4.O-O Ng8f6
5.c4 O-O
6.Nb1c3 d5
7.cxd5 Nf6xd5
8.a3 Nb8c6
9.Nc3xd5 Qd8xd5
10.d3 Bc8g4
11.Ra1b1 Bg4xf3
12.Bg2xf3 Qd5d7
13.b4 cxb4
14.axb4 Nc6d4
15.Bf3g2 Ra8c8
16.Bc1e3 Nd4b5
17.Rb1c1 Rc8xc1
18.Qd1xc1 Rf8c8
19.Qc1b1 Nb5c3
20.Qb1e1 Qd7g4
21.Bg2f3 Qg4xb4
22.Kh1 Bg7d4
23.Be3xd4 Qb4xd4
24.Qe1d2 b5
25.e3 Qd4f6
26.Bf3g2 a5
27.d4 b4
28.e4 a4
29.e5 Qf6b6
30.d5 Rc8d8
31.Rf1e1 Qb6c5
32.Qd2f4 a3
33.d6 exd6
34.e6 fxe6
35.Re1xe6 Rd8f8
36.Qf4d2 a2
37.Re6e1 Qc5xf2
38.Bg2d5 Kh8
39.Qd2c1 Qf2d4
40.Bd5g2 Rf8f2
41.Qc1g5 Nc3e2
42.Qg5d8 Kg7
43.Qd8e7 Kh6
44.Qe7h4 Qd4xh4
45.gxh4 Rf2xg2
46.Kxg2 b3
{ resign }
0-1

[Event "Tourn. n7750"]
[Site "www.chess-mail.com"]
[Date "2014.12.21"]
[Round "1"]
[White "Generalfree"]
[Black "Anja"]
[WhiteElo "1700"]
[BlackElo "1500"]
[Result "0-1"]
[Round "1"]
1.e4 Ng8f6
2.Nb1c3 d5
3.exd5 Nf6xd5
4.Nc3xd5 Qd8xd5
5.c4 Qd5e4
6.Qd1e2 Bc8f5
7.Qe2xe4 Bf5xe4
8.f3 Be4f5
9.g4 Bf5g6
10.d3 Nb8c6
11.Ra1b1 O-O-O
12.a3 Bg6xd3
13.Bf1xd3 Rd8xd3
14.Ke2 Rd3d7
15.b4 e5
16.Bc1e3 Nc6d4
17.Be3xd4 Rd7xd4
18.c5 Bf8e7
19.Rb1d1 Rh8d8
20.Rd1xd4 Rd8xd4
21.h4 g6
22.g5 f6
23.gxf6 Be7xf6
24.Ke3 Rd4xh4
25.Rh1xh4 Bf6xh4
26.Ke4 Bh4f6
27.Ng1e2 h5
28.f4 exf4
29.Ne2xf4 h4
30.Nf4xg6 Kd7
31.Kf5 Bf6b2
32.a4 h3
33.Kg4 h2
{ resign }
0-1

[Event "Tourn. n7650"]
[Site "www.chess-mail.com"]
[Date "2014.12.21"]
[Round "1"]
[White "Jaroslavpech"]
[Black "Numanoid"]
[WhiteElo "2680"]
[BlackElo "2440"]
[Result "0-1"]
[Round "1"]
1.e4 e6
2.d4 d5
3.Nb1c3 Ng8f6
4.Bc1g5 dxe4
5.Nc3xe4 Bf8e7
6.Bg5xf6 Be7xf6
7.Ng1f3 Nb8d7
8.Bf1d3 c5
9.Ne4xf6 Nd7xf6
10.dxc5 Qd8a5
11.Qd1d2 Qa5xc5
12.O-O O-O
13.Rf1e1 b6
14.Ra1d1 Bc8b7
15.Nf3e5 Qc5d5
16.Bd3f1 Qd5xd2
17.Rd1xd2 Rf8d8
18.Re1d1 Rd8xd2
19.Rd1xd2 Kf8
20.g4 Ke7
21.f4 Nf6d5
22.c4 Nd5xf4
23.Rd2d7 Kf6
24.Ne5xf7 Bb7f3
25.g5 Kf5
 { time }
0-1

[Event "Tourn. n7876"]
[Site "www.chess-mail.com"]
[Date "2014.12.21"]
[Round "1"]
[White "Caspito"]
[Black "Welberth"]
[WhiteElo "1870"]
[BlackElo "1870"]
[Result "1/2-1/2"]
[Round "1"]
1.e4 e5
2.Ng1f3 Nb8c6
3.Bf1c4 Ng8f6
4.Nf3g5 Bf8c5
5.Ng5xf7 Bc5xf2
6.Kxf2 Nf6xe4
7.Kg1 Qd8h4
8.g3 Ne4xg3
9.Nf7xh8 d5
10.hxg3 Qh4xg3
11.Kf1 Bc8h3
12.Rh1xh3 Qg3xh3
13.Kf2 Qh3h2
14.Ke1 Qh2g3
15.Kf1 Qg3f4
16.Kg2 Qf4g5
17.Kh3 Qg5h6
18.Kg4 Qh6f4
{ draw }
1/2-1/2

[Event "Tourn. n7830"]
[Site "www.chess-mail.com"]
[Date "2014.12.21"]
[Round "1"]
[White "Falcoale"]
[Black "Osopanda"]
[WhiteElo "2050"]
[BlackElo "1900"]
[Result "0-1"]
[Round "1"]
1.e4 d6
2.d4 g6
3.Ng1f3 Bf8g7
4.Nb1c3 c6
5.Bc1e3 Qd8c7
6.Bf1d3 e5
7.d5 Ng8e7
8.Qd1d2 O-O
9.Be3h6 f5
10.Bh6xg7 Kxg7
11.h4 f4
12.Bd3c4 b5
13.Bc4b3 a5
14.a3 Bc8a6
15.O-O-O b4
16.axb4 axb4
17.Nc3a2 c5
18.Nf3xe5 c4
19.Ne5xc4 Ba6xc4
20.Bb3xc4 Qc7xc4
21.b3 Qc4xe4
22.Kb1 Ne7f5
23.h5 Nb8a6
24.hxg6 Kxg6
25.Rd1e1 Qe4d4
26.Qd2e2 Nf5g7
27.Qe2g4 Kf7
28.Rh1xh7 Ra8e8
29.Qg4h5 Kf6
30.Qh5h6 Kf5
31.Qh6h3 Kg6
32.Qh3h6 Kf5
33.Qh6h3 Kg6
34.Re1h1 Re8e7
35.Qh3g4 Kf6
36.Rh1h6 Kf7
37.Qg4f5 Ke8
38.Qf5c8 Kf7
39.Qc8xa6 Rf8e8
40.Qa6xd6 Re7e1
41.Na2c1 Re1xc1
{ resign }
0-1

[Event "Tourn. n7935"]
[Site "www.chess-mail.com"]
[Date "2014.12.21"]
[Round "1"]
[White "Luban"]
[Black "Krasin"]
[WhiteElo "2190"]
[BlackElo "2210"]
[Result "0-1"]
[Round "1"]
1.d4 Ng8f6
2.c4 g6
3.e3 Bf8g7
4.Ng1f3 O-O
5.Nb1c3 d5
6.h3 c5
7.dxc5 Qd8a5
8.Bc1d2 Qa5xc5
9.cxd5 Nf6xd5
10.Nf3d4 Bg7xd4
11.exd4 Qc5xd4
12.Nc3xd5 Qd4xd5
13.Bd2c3 Qd5e4
14.Qd1e2 Bc8f5
15.Qe2xe4 Bf5xe4
16.f3 Be4f5
17.Bf1b5 a6
18.Bb5c4 Nb8c6
19.Kf2 Ra8d8
20.Ra1d1 Rd8xd1
21.Rh1xd1 Rf8d8
22.Rd1xd8 Nc6xd8
23.Bc4d5 Bf5e6
24.Bd5xe6 Nd8xe6
25.Ke3 Kf8
26.g4 Ke8
27.f4 Kd7
28.a3 f5
29.b4 Kc6
30.a4 b5
31.a5 Kd5
32.g5 Kc4
{ resign }
0-1

[Event "Tourn. n7830"]
[Site "www.chess-mail.com"]
[Date "2014.12.21"]
[Round "1"]
[White "Osopanda"]
[Black "Luban"]
[WhiteElo "1900"]
[BlackElo "2090"]
[Result "0-1"]
[Round "1"]
1.c4 e6
2.d4 d5
3.Nb1c3 h6
4.e4 dxe4
5.Nc3xe4 Ng8f6
6.Ne4xf6 Qd8xf6
7.Ng1f3 Bf8e7
8.Bf1d3 O-O
9.O-O c5
10.Bc1e3 Nb8d7
11.d5 Nd7b6
12.Qd1d2 exd5
13.cxd5 Bc8g4
14.Bd3e4 Nb6c4
15.Qd2d3 Bg4xf3
16.Be4xf3 Nc4e5
17.Qd3e2 Ne5xf3
18.Qe2xf3 Qf6xf3
19.gxf3 Be7d6
20.Rf1c1 b6
21.Kg2 Ra8d8
22.f4 f5
23.Kf3 Kf7
24.Rc1g1 Bd6e7
25.Ra1d1 Rd8d6
26.Rg1g2 Rf8d8
27.Rd1g1 Be7f6
28.Rg1d1 Bf6xb2
29.h4 Rd6xd5
30.Rd1xd5 Rd8xd5
31.h5 Rd5d3
32.Rg2g6 Bb2c1
33.Rg6c6 Rd3a3
34.Rc6c7 Kg8
35.Ke2 Bc1xe3
36.fxe3 Ra3xa2
37.Kd3 a5
38.Rc7b7 Ra2b2
39.e4 fxe4
40.Kxe4 a4
41.Kf5 a3
42.Kg6 Rb2g2
43.Kf5 a2
44.Rb7a7 b5
45.Ke5 b4
46.Kd5 b3
47.Kxc5 Rg2g1
48.Kd6 a1Q
49.Ra7xa1 Rg1xa1
{ resign }
0-1

[Event "Tourn. n7843"]
[Site "www.chess-mail.com"]
[Date "2014.12.21"]
[Round "1"]
[White "Llcervello"]
[Black "Pablincho"]
[WhiteElo "1780"]
[BlackElo "1880"]
[Result "0-1"]
[Round "1"]
1.e4 e6
2.e5 Nb8c6
3.d4 d5
4.f4 Bf8e7
5.c3 h5
6.g4 Be7h4
7.Kd2 g6
8.g5 Ng8e7
9.Ng1f3 Ne7f5
10.Qd1e2 Nc6e7
11.Bf1h3 c6
12.Bh3xf5 Ne7xf5
13.Qe2g2 Qd8a5
14.Qg2h3 c5
15.Nf3xh4 Nf5xd4
16.Kd1 Nd4b5
17.Nb1d2 Qa5a4
18.b3 Qa4xf4
19.Nd2f1 Qf4xe5
20.Bc1d2 Qe5e4
21.Rh1g1 e5
22.Qh3g3 Bc8g4
23.Kc1 O-O
24.Qg3f2 d4
25.Nf1g3 Qe4d3
26.c4 Nb5a3
27.Rg1e1 Qd3c2
{ resign }
0-1

[Event "Tourn. n7837"]
[Site "www.chess-mail.com"]
[Date "2014.12.21"]
[Round "1"]
[White "Liencam2"]
[Black "Sneige"]
[WhiteElo "2270"]
[BlackElo "2270"]
[Result "1-0"]
[Round "1"]
1.e4 c5
2.Nb1c3 d6
3.Ng1f3 Nb8c6
4.d4 cxd4
5.Nf3xd4 g6
6.Bc1e3 Bf8g7
7.Qd1d2 a6
8.f3 Qd8c7
9.O-O-O Ng8f6
10.g4 O-O
11.h4 h5
12.Be3h6 Nc6xd4
13.Bh6xg7 Nd4b3
14.axb3 Kxg7
15.gxh5 Nf6xh5
16.Nc3d5 Qc7d8
17.Qd2h2 Bc8e6
18.f4 Qd8a5
19.c3 Ra8c8
20.Bf1e2 Nh5f6
21.Be2f3 Nf6xd5
22.exd5 Qa5a1
23.Kd2  { time }
1-0

[Event "Tourn. n7934"]
[Site "www.chess-mail.com"]
[Date "2014.12.21"]
[Round "1"]
[White "Faerieking"]
[Black "Odrum1"]
[WhiteElo "1499"]
[BlackElo "1450"]
[Result "1-0"]
[Round "1"]
1.e4 c5
2.Ng1f3 d5
3.exd5 Qd8xd5
4.Nb1c3 Qd5e6
5.Bf1e2 Nb8c6
6.Nc3b5 Qe6d7
7.d3 a6
8.Nb5c3 Ng8f6
9.O-O e5
10.Nc3a4 { resign }
1-0

[Event "Tourn. n7930"]
[Site "www.chess-mail.com"]
[Date "2014.12.21"]
[Round "1"]
[White "Odrum1"]
[Black "Rindrandria"]
[WhiteElo "1430"]
[BlackElo "1460"]
[Result "0-1"]
[Round "1"]
1.e4 f6
2.d4 d5
3.Nb1c3 c6
4.Ng1f3 g5
5.e5 e6
6.Bf1d3 g4
7.Nf3h4 f5
8.g3 Qd8a5
9.Bc1d2 Qa5b6
10.Bd2e3 Qb6xb2
11.Nc3a4 Qb2a3
12.Na4c5 b6
13.Nc5b3 a5
14.O-O Ng8h6
15.Nb3d2 Qa3a4
16.c3 Qa4a3
17.Nd2b1 Qa3b2
18.Nb1d2 Qb2xc3
19.Qd1e2 Nb8a6
20.Ra1c1 Qc3b2
21.Rc1xc6 Qb2xa2
22.Bd3b5 Bc8d7
23.Rc6xe6 Kd8
24.Re6xh6 Bf8xh6
25.Be3xh6 Na6c7
{ resign }
0-1

[Event "Tourn. n7839"]
[Site "www.chess-mail.com"]
[Date "2014.12.21"]
[Round "1"]
[White "Stevo100"]
[Black "Syd"]
[WhiteElo "2120"]
[BlackElo "2200"]
[Result "1-0"]
[Round "1"]
1.d4 Ng8f6
2.c4 c5
3.d5 b5
4.cxb5 a6
5.b6 Qd8xb6
6.Nb1c3 d6
7.e4 g6
8.Bf1e2 Bf8g7
9.Ra1b1 Nb8d7
10.h3 Qb6b4
11.Qd1c2 Ra8b8
12.a3 Qb4a5
13.Ng1f3 O-O
14.O-O Bc8b7
15.Bc1f4 Nf6h5
16.Bf4h2 Qa5b6
17.Nf3d2 Nh5f6
18.Nd2c4 Qb6c7
19.b4 cxb4
20.Rb1xb4 Rf8c8
21.Rf1b1 a5
22.Nc4xa5 Qc7xc3
23.Qc2xc3 Rc8xc3
24.Rb4xb7 Rb8c8
25.Na5c6 Bg7f8
26.a4 Rc3a3
27.a5 Kg7
28.Rb7a7 Nd7c5
29.f3 h5
30.Nc6xe7 Bf8xe7
31.Ra7xe7 Ra3a2
32.Kf1 Rc8d8
33.Rb1b6 Ra2xa5
34.Bh2xd6 Ra5a1
35.Kf2 Nc5d7
36.Rb6b7 Ra1a2
37.Ke3 g5
38.Be2b5 Ra2b2
39.Bb5c6 Rb2xb7
40.Bc6xb7 g4
41.Kf4 gxh3
42.gxh3 Kg6
43.Bb7c6 Nd7b6
44.Bd6c7 Nb6xd5
45.exd5 Rd8xd5
46.Bc7e5 Rd5c5
47.Bc6e4 Nf6xe4
48.Kxe4 Rc5c4
49.Be5d4 Rc4b4
50.f4 f5
51.Kd5 { resign }
1-0

[Event "Tourn. n7832"]
[Site "www.chess-mail.com"]
[Date "2014.12.21"]
[Round "1"]
[White "Fabos12"]
[Black "Passaroa25"]
[WhiteElo "1640"]
[BlackElo "1540"]
[Result "1-0"]
[Round "1"]
1.d4 e6
2.e4 Ng8e7
3.Nb1c3 c6
4.Ng1f3 f6
5.Bf1c4 Ne7g6
6.Bc1e3 Bf8b4
7.a3 Bb4a5
8.b4 Ba5c7
9.d5 Qd8e7
10.g4 d6
11.h4 Bc8d7
12.dxc6 Nb8xc6
13.Nf3d4 O-O-O
14.g5 Nc6e5
15.Bc4b3 a6
16.f4 Ne5f7
17.b5 a5
18.Bb3a4 Bc7b6
19.Qd1e2 h5
20.Nd4c6 bxc6
21.bxc6 Bb6xe3
22.cxd7 Kc7
23.Qe2xe3 f5
24.Qe3a7 
1-0

[Event "Tourn. n7908"]
[Site "www.chess-mail.com"]
[Date "2014.12.21"]
[Round "1"]
[White "Cristero"]
[Black "Apoorva"]
[WhiteElo "2020"]
[BlackElo "2130"]
[Result "1-0"]
[Round "1"]
1.Ng1f3 d5
2.d4 Ng8f6
3.c4 e6
4.Bc1g5 Bf8e7
5.Nb1c3 dxc4
6.e3 Nb8d7
7.Bf1xc4 c6
8.O-O O-O
9.Qd1e2 b5
10.Bc4d3 a6
11.e4 Nf6e8
12.Bg5xe7 Qd8xe7
13.e5 f5
14.exf6 Nd7xf6
15.Rf1e1 Qe7d6
16.Ra1c1 Ne8c7
17.Nc3e4 Nf6xe4
18.Qe2xe4 Rf8f5
19.Rc1xc6 Qd6d7
20.Rc6xc7 Qd7xc7
21.Qe4xa8 Rf5f8
22.Qa8e4 g6
23.Nf3g5 Qc7e7
24.Ng5xe6 Rf8e8
25.d5 Bc8b7
26.Qe4e5 Qe7f7
27.a4 Qf7d7
28.axb5 axb5
29.Bd3xb5 Re8xe6
30.Qe5xe6 Qd7xe6
31.dxe6 { resign }
1-0

[Event "Tourn. n7741"]
[Site "www.chess-mail.com"]
[Date "2014.12.21"]
[Round "1"]
[White "Krystek23"]
[Black "Numanoid"]
[WhiteElo "2410"]
[BlackElo "2460"]
[Result "1-0"]
[Round "1"]
1.Ng1f3 d6
2.c4 g6
3.Nb1c3 Bf8g7
4.g3 e5
5.d3 Nb8c6
6.Bf1g2 f5
7.h4 h5
8.Nf3g5 Ng8h6
9.O-O O-O
10.Qd1a4 Bc8d7
11.Qa4b3 Nc6a5
12.Qb3c2 Ra8b8
13.Bc1d2 b6
14.Ra1e1 Na5b7
15.b4 c5
16.b5 Qd8e8
17.Re1b1 Nb7d8
18.Rb1b3 Nd8e6
19.Rb3a3 Ne6d4
20.Qc2d1 Rb8a8
21.Bg2xa8 Qe8xa8
22.Nc3d5 Nh6g4
23.Qd1a4 Nd4xe2
24.Kg2 f4
25.Qa4xa7 f3
26.Kh1 Ng4xf2
27.Rf1xf2 Ne2xg3
28.Kh2 { resign }
1-0

[Event "Tourn. n7912"]
[Site "www.chess-mail.com"]
[Date "2014.12.21"]
[Round "1"]
[White "Nimzoblanca"]
[Black "Badplayer"]
[WhiteElo "2099"]
[BlackElo "2150"]
[Result "1-0"]
[Round "1"]
1.e4 c5
2.Nb1c3 Nb8c6
3.g3 b6
4.Bf1g2 Bc8b7
5.d3 g6
6.Bc1e3 Bf8g7
7.Qd1d2 d6
8.Ng1e2 Ng8f6
9.Be3h6 O-O
10.h4 Nc6e5
11.h5 Nf6xh5
12.Bh6xg7 Kxg7
13.O-O-O Kg8
14.f3 Nh5f6
15.g4 a6
16.Qd2h6 b5
17.g5 Nf6h5
18.Ne2f4 f6
19.Nf4xh5 gxh5
20.Qh6xh5 Rf8f7
21.gxf6 exf6
22.Bg2h3 Ne5g6
23.Bh3e6 { resign }
1-0